<?xml version="1.0" encoding="UTF-8"?>
<record
    xmlns:xsi="http://www.w3.org/2001/XMLSchema-instance"
    xsi:schemaLocation="http://www.loc.gov/MARC21/slim http://www.loc.gov/standards/marcxml/schema/MARC21slim.xsd"
    xmlns="http://www.loc.gov/MARC21/slim">

  <leader>03897nam a2200529 i 4500</leader>
  <controlfield tag="001">DIGSLX0165</controlfield>
  <controlfield tag="003">NyNyDIG</controlfield>
  <controlfield tag="007">cr |||||||||||</controlfield>
  <controlfield tag="008">200430s2019    sp a    ob    000 0 spa d</controlfield>
  <controlfield tag="006">m     o  d        </controlfield>
  <datafield tag="035" ind1=" " ind2=" ">
    <subfield code="a">(OCoLC)1157007693</subfield>
  </datafield>
  <datafield tag="040" ind1=" " ind2=" ">
    <subfield code="a">DGITA</subfield>
    <subfield code="b">eng</subfield>
    <subfield code="e">rda</subfield>
    <subfield code="e">pn</subfield>
    <subfield code="c">DGITA</subfield>
  </datafield>
  <datafield tag="020" ind1=" " ind2=" ">
    <subfield code="z">9788477379959</subfield>
  </datafield>
  <datafield tag="020" ind1=" " ind2=" ">
    <subfield code="z">8477379955</subfield>
  </datafield>
  <datafield tag="043" ind1=" " ind2=" ">
    <subfield code="a">e------</subfield>
    <subfield code="a">cl-----</subfield>
    <subfield code="a">n------</subfield>
    <subfield code="a">a-is---</subfield>
    <subfield code="a">awba---</subfield>
  </datafield>
  <datafield tag="050" ind1="1" ind2="4">
    <subfield code="a">HV6431 ebook</subfield>
  </datafield>
  <datafield tag="245" ind1="0" ind2="0">
    <subfield code="a">Despu&#xE9;s del 68 :</subfield>
    <subfield code="b">la deriva terrorista en Occidente /</subfield>
    <subfield code="c">Juan Avil&#xE9;s, Jos&#xE9; Manuel Azcona, Matteo Re (eds.)</subfield>
  </datafield>
  <datafield tag="264" ind1=" " ind2="1">
    <subfield code="a">Madrid :</subfield>
    <subfield code="b">S&#xED;lex,</subfield>
    <subfield code="c">2019.</subfield>
  </datafield>
  <datafield tag="300" ind1=" " ind2=" ">
    <subfield code="a">1 online resource :</subfield>
    <subfield code="b">illustrations.</subfield>
  </datafield>
  <datafield tag="336" ind1=" " ind2=" ">
    <subfield code="a">text</subfield>
    <subfield code="b">txt</subfield>
    <subfield code="2">rdacontent</subfield>
  </datafield>
  <datafield tag="337" ind1=" " ind2=" ">
    <subfield code="a">computer</subfield>
    <subfield code="b">c</subfield>
    <subfield code="2">rdamedia</subfield>
  </datafield>
  <datafield tag="338" ind1=" " ind2=" ">
    <subfield code="a">online resource</subfield>
    <subfield code="b">cr</subfield>
    <subfield code="2">rdacarrier</subfield>
  </datafield>
  <datafield tag="347" ind1=" " ind2=" ">
    <subfield code="a">text file</subfield>
    <subfield code="2">rdaft</subfield>
  </datafield>
  <datafield tag="347" ind1=" " ind2=" ">
    <subfield code="b">PDF</subfield>
  </datafield>
  <datafield tag="490" ind1="1" ind2=" ">
    <subfield code="a">Colecci&#xF3;n S&#xED;lex universidad</subfield>
  </datafield>
  <datafield tag="504" ind1=" " ind2=" ">
    <subfield code="a">Includes bibliographical references.</subfield>
  </datafield>
  <datafield tag="505" ind1="0" ind2=" ">
    <subfield code="a">Los or&#xED;genes del terrorismo revolucionario / Juan Avil&#xE9;s Farr&#xE9; -- Terror alrededor del mundo / Jos&#xE9; Manuel Azcona -- Las influencias exteriores : del Che a los tupamaros / Jos&#xE9; Manuel Azcona, Matteo Re -- Redes y din&#xE1;micas transnacionales de contrainsurgencia en la Am&#xE9;rica Latina de los a&#xF1;os del plomo : "Terror Import/Export" / Xavier Casals -- Terrorismo y nacionalismo despu&#xE9;s de 1968 / Nick Brooke -- De los movimientos contraculturales a la violencia pol&#xED;tica / Jos&#xE9; Manuel Azcona -- Cultura y revoluci&#xF3;n en el v&#xF3;rtice de la d&#xE9;cada prodigiosa / Mart&#xED;n Alonso Zarza -- Los intelectuales marxistas y su relaci&#xF3;n ambigua con la violencia / Majlinda Abdiu -- Una revoluci&#xF3;n a golpe de claqueta : los a&#xF1;os de plomo en la gran pantalla / Josefina Mart&#xED;nez &#xC1;lvarez -- La canci&#xF3;n protesta en Espa&#xF1;a, una expresi&#xF3;n contracultural despu&#xE9;s del 68 / Ana Urrutia -- El camino al infierno : ETA, desde sus or&#xED;genes a los a&#xF1;os de plomo (1958-1981) / Gaizka Fern&#xE1;ndez Soldevilla -- La kale borroka, estrategia terrorista etarra / Julen Lezamiz -- La izquierda radical espa&#xF1;ola y la tentaci&#xF3;n de la lucha armada / Javier Fern&#xE1;ndez Rinc&#xF3;n -- Del FRAP al GRAPO : una imposible insurrecci&#xF3;n mao&#xED;sta / Jos&#xE9; Catal&#xE1;n Deus -- El movimiento del 68, la izquierda, la derecha y la violencia en Italia / Matteo Re -- La banda Baader Meinhof : sem&#xE1;ntica de la acci&#xF3;n terrorista y estrategia de la comunicaci&#xF3;n / Tom&#xE1;s Pedro Gomariz Acu&#xF1;a -- La violencia pol&#xED;tica en C&#xF3;rcega : significados y mutaciones / Xavier Crettiez -- Un grupo terrorista brit&#xE1;nico : The Angry Brigade / Miguel Mor&#xE1;n Pallar&#xE9;s -- Terrorismo en Portugal : las for&#xE7;as populares 25 de abril (1980-1984) / Ana Sofia Ferreira -- La violencia pol&#xED;tica en Estados Unidos : The black liberation army y The weather underground organization / David Mota Zurdo -- El terrorismo palestino y su dimensi&#xF3;n transnacional / Roc&#xED;o Velasco de Castro.</subfield>
  </datafield>
  <datafield tag="588" ind1="0" ind2=" ">
    <subfield code="a">Online resource; title from PDF title page (Digitalia, viewed April 30, 2020)</subfield>
  </datafield>
  <datafield tag="650" ind1=" " ind2="0">
    <subfield code="a">Terrorism</subfield>
    <subfield code="z">Europe</subfield>
    <subfield code="x">History.</subfield>
  </datafield>
  <datafield tag="650" ind1=" " ind2="0">
    <subfield code="a">Terrorism</subfield>
    <subfield code="z">North America</subfield>
    <subfield code="x">History.</subfield>
  </datafield>
  <datafield tag="650" ind1=" " ind2="0">
    <subfield code="a">Terrorism</subfield>
    <subfield code="z">Latin America</subfield>
    <subfield code="x">History.</subfield>
  </datafield>
  <datafield tag="650" ind1=" " ind2="0">
    <subfield code="a">Terrorism</subfield>
    <subfield code="z">Palestine</subfield>
    <subfield code="x">History.</subfield>
  </datafield>
  <datafield tag="650" ind1=" " ind2="0">
    <subfield code="a">Revolutions</subfield>
    <subfield code="z">Europe</subfield>
    <subfield code="x">History</subfield>
    <subfield code="y">20th century.</subfield>
  </datafield>
  <datafield tag="650" ind1=" " ind2="0">
    <subfield code="a">Revolutions</subfield>
    <subfield code="z">Latin America</subfield>
    <subfield code="x">History</subfield>
    <subfield code="y">20th century.</subfield>
  </datafield>
  <datafield tag="650" ind1=" " ind2="0">
    <subfield code="a">Social conflict</subfield>
    <subfield code="z">Europe</subfield>
    <subfield code="y">20th century.</subfield>
  </datafield>
  <datafield tag="655" ind1=" " ind2="0">
    <subfield code="a">Electronic books.</subfield>
  </datafield>
  <datafield tag="700" ind1="1" ind2=" ">
    <subfield code="a">Avil&#xE9;s Farr&#xE9;, Juan,</subfield>
    <subfield code="d">1950-</subfield>
    <subfield code="e">editor.</subfield>
  </datafield>
  <datafield tag="700" ind1="1" ind2=" ">
    <subfield code="a">Azcona Pastor, Jos&#xE9; Manuel,</subfield>
    <subfield code="e">editor.</subfield>
  </datafield>
  <datafield tag="700" ind1="1" ind2=" ">
    <subfield code="a">Re, Matteo,</subfield>
    <subfield code="e">editor.</subfield>
  </datafield>
  <datafield tag="791" ind1="2" ind2=" ">
    <subfield code="a">Digitalia (Firm),</subfield>
    <subfield code="e">distributor.</subfield>
  </datafield>
  <datafield tag="793" ind1="0" ind2=" ">
    <subfield code="g">Digitalia eBook Collection:</subfield>
    <subfield code="a">S&#xED;lex Ediciones</subfield>
  </datafield>
  <datafield tag="776" ind1="0" ind2="8">
    <subfield code="i">Print version:</subfield>
    <subfield code="t">Despu&#xE9;s del 68.</subfield>
    <subfield code="d">Madrid : S&#xED;lex, 2019</subfield>
    <subfield code="z">9788477379959</subfield>
  </datafield>
  <datafield tag="830" ind1=" " ind2="0">
    <subfield code="a">S&#xED;lex universidad.</subfield>
  </datafield>
  <datafield tag="856" ind1="4" ind2="0">
    <subfield code="3">Digitalia Hisp&#xE1;nica</subfield>
    <subfield code="u">https://www.digitaliapublishing.com/a/62966/</subfield>
  </datafield>
  <datafield tag="910" ind1=" " ind2=" ">
    <subfield code="a">Premium collection: 2020</subfield>
  </datafield>
  <datafield tag="942" ind1=" " ind2=" ">
    <subfield code="c">RAA</subfield>
  </datafield>
  <datafield tag="952" ind1=" " ind2=" ">
    <subfield code="0">0</subfield>
    <subfield code="1">0</subfield>
    <subfield code="4">0</subfield>
    <subfield code="7">0</subfield>
    <subfield code="8">DEH</subfield>
    <subfield code="a">BD-UIN</subfield>
    <subfield code="b">BD-UIN</subfield>
    <subfield code="d">2025-04-25</subfield>
    <subfield code="l">0</subfield>
    <subfield code="r">2025-04-25</subfield>
    <subfield code="w">2025-04-25</subfield>
    <subfield code="y">RAA</subfield>
  </datafield>
  <datafield tag="999" ind1=" " ind2=" ">
    <subfield code="c">258836</subfield>
    <subfield code="d">258836</subfield>
  </datafield>
</record>
